| 000 | 00989nas a2200265Ia 4500 | ||
|---|---|---|---|
| 001 | R026/43470 | ||
| 003 | IT-RoPAU | ||
| 008 | 151124c99999999xx |||||||||||| ||und|| | ||
| 040 | _aIT-RoPAU | ||
| 040 | _cIT-RoPAU | ||
| 041 | _aITALIANO | ||
| 100 |
_aAA.VV. _gCodice Aut. SPICS: 12000 |
||
| 210 | _aNOSTRO CINEMA (IL) | ||
| 222 | _aNostro Cinema (Il) | ||
| 245 |
_aNOSTRO CINEMA (IL), ANNO 10-N.111 (MAGGIO 1972) _bNostro Cinema (Il), Anno 10-N.111 (Maggio 1972) |
||
| 250 | _a1a ed. | ||
| 260 |
_aROMA _bACEC _c1972 |
||
| 501 |
_bPaulus - SPICS - Società San Paolo EM (non-commercial uses only) _cCopyright2015 |
||
| 300 | _a4 p. | ||
| 310 | _aMENSILE | ||
| 362 | _aANNO 010, N.111 (MAGGIO 1972) | ||
| 500 | _aMessaggio del Papa per la Vi Giornata Mondiale Delle Comunicazioni Sociali. Valutazioni Morali dei Film. Rassegna dei Film. Regolamento per i Sas (Servizio Assistenza Sale). Interventi per il Teatro. | ||
| 650 |
_aCINEMA _vPUBBLICAZIONE PERIODICA |
||
| 942 | _cCR | ||
| 999 |
_c127835 _d127835 |
||